000 00445nam a2200181 4500
003 SEACOMEC
005 20240404123627.0
008 231005b |||||||| |||| 00| 0 eng d
020 _c$9.00
040 _aSEACOMEC
082 _a510.2462
_bK92
100 1 _aKreyszig, Erwin
245 1 _aAdvanced Engineering Mathematics
_cErwin Kreyszig
250 _a8th Ed.
260 _aSingapore
_bJohn Wiley
_c2006
650 _aMathematics
942 _cBOOK
999 _c102
_d102